| 000 | 00812nmc a2200313 a 4500 | ||
|---|---|---|---|
| 003 | AR-BaBNM | ||
| 005 | 20251128211631.0 | ||
| 008 | 175020s1990 ||||||||||||||000 | spa|| | ||
| 020 | _a950-9003-89-1 | ||
| 040 | _cAR-BaBNM | ||
| 245 | 1 | 0 | _aLeyendas de mi país |
| 250 | _a2ª ed. | ||
| 260 |
_aBuenos Aires _bAique Grupo Editor _c1990 |
||
| 300 | 0 | _a16 p. | |
| 490 | 0 | _aLa bibliotequita. Primer estante | |
| 505 | _tAsí empezó el baile | ||
| 505 | _tPor un pelito | ||
| 650 | 4 | _aLIBROS PARA NINOS | |
| 650 | 4 | _aLEYENDAS | |
| 650 | 4 | _aLITERATURA INFANTIL | |
| 650 | 4 | _aTRADICION ORAL | |
| 653 | 0 | _aADAPTACIONES LITERARIAS | |
| 655 | _aLITERATURA | ||
| 700 | 1 |
_aCharré, Alicia _eilustrador |
|
| 800 | 1 | _aCukier, Zulema | |
| 800 | 1 | _aTornadú, Beatriz | |
| 942 | _cBK | ||
| 998 | _cmartin | ||
| 999 |
_c20522 _d20522 |
||